000 00437cam a2200145 4500500
005 20260329015648.0
041 _afre
042 _adc
100 1 0 _aGautier, François
_eauthor
245 0 0 _aActive antennas
260 _c2026.
500 _a46
786 0 _nRadar technologies and their applications | - | 2026-03-05 | p. 8-8
856 4 1 _uhttps://stm.cairn.info/radar--bdti42591210-e3294-page-8?lang=en&redirect-ssocas=7080
999 _c1899835
_d1899835